Marketing warfare [
| Main Author: | |
|---|---|
| Other Authors: | |
| Format: | Book |
| Published: |
New York :
McGraw-Hill ,
1991
|
| Subjects: |
MARC
| LEADER | 00000cam a2200000 7i4500 | ||
|---|---|---|---|
| 001 | 0000000041 | ||
| 002 | 000000050 | ||
| 005 | 20021106.0 | ||
| 020 | |a 0070527326 | ||
| 090 | 0 | 0 | |a 658.85 |b RIE |
| 100 | 1 | |a Ries, Al | |
| 245 | 1 | 0 | |a Marketing warfare [ |h sound recording] |c Al Ries and and Jack Trout |
| 260 | |a New York : |b McGraw-Hill , |c 1991 | ||
| 300 | |a 1 sound cassette (60 minutes) | ||
| 650 | 0 | 0 | |a Marketing |
| 700 | 1 | |a TROUT, Jack | |
| 999 | |a KT0065 |b KASET |c RUJUKAN |e PERPUSTAKAAN KOMUNITI PETALING JAYA | ||